Un laboratoire de sociologie / (Record no. 168013)

MARC details
000 -LEADER
campo de control de longitud fija 00693nam a2200193 i 4500
001 - NÚMERO DE CONTROL
campo de control 168013
003 - IDENTIFICADOR DE NÚMERO DE CONTROL
campo de control ES-MaACL
005 - FECHA Y HORA DE LA ÚLTIMA TRANSACCIÓN
campo de control 20250809063533.0
008 - DATOS DE LONGITUD FIJA--INFORMACIÓN GENERAL
campo de control de longitud fija 051003s1895 fr | |||||||| ||fre d
040 ## - FUENTE DE CATALOGACIÓN
Centro catalogador/agencia de origen CAM
Lengua de catalogación spa
Centro/agencia transcriptor CAM
100 1# - ENTRADA PRINCIPAL--NOMBRE DE PERSONA
Nombre de persona Worms, René,
Fechas asociadas al nombre 1869-1926
9 (RLIN) 117375
245 13 - MENCIÓN DEL TÍTULO
Título Un laboratoire de sociologie /
Mención de responsabilidad, etc. par René Worms.
260 ## - PUBLICACIÓN, DISTRIBUCIÓN, ETC.
Lugar de publicación, distribución, etc. Paris :
Nombre del editor, distribuidor, etc. V. Giad & E. Brière,
Fecha de publicación, distribución, etc. 1895 (
Lugar de fabricación/manufactura Beaugency :
Fabricante Imp. J. Laffray)
300 ## - DESCRIPCIÓN FÍSICA
Extensión 17 p. ;
Dimensiones 25 cm.
650 #7 - PUNTO DE ACCESO ADICIONAL DE MATERIA--TÉRMINO DE MATERIA
Término de materia o nombre geográfico como elemento de entrada Sociología
Fuente del encabezamiento o término embne
9 (RLIN) 17195
852 ## - LOCALIZACIÓN
Ubicación ES-MaACL
Número de control de estantería T-748-F-7
Nota libre -- Enc. hol., conservando la cub. original
-- -- Donativo del Sr. Azcárate
-- -- Enc. en un vol. facticio
942 ## - ELEMENTOS DE ENTRADA SECUNDARIOS (KOHA)
Fuente del sistema de clasificación o colocación Clasificación decimal universal
Holdings
Estatus retirado Estado de pérdida Estado de daño No para préstamo Colección Biblioteca de origen Biblioteca actual Ubicación en estantería Fecha de adquisición Total de préstamos Signatura topográfica completa Código de barras Visto por última vez Precio de reemplazo Tipo de ítem Koha
        Colección de folletos Biblioteca del Ateneo de Madrid Biblioteca del Ateneo de Madrid Depósito folletos 17/01/2008   T-748-F-7 1176262 23/02/2023 23/02/2023 Folleto